000 00409nam a2200121Ia 4500
008 220621s9999||||xx |||||||||||||| ||und||
245 0 _aTheory and Practice of Cryptography and Network Security Protocols and Technologies
546 _aEnglish[eng]
650 _aNetwork security
700 _aSen, Jaydip
856 _uhttps://mts.intechopen.com/storage/books/3412/authors_book/authors_book.pdf
942 _cEB
999 _c38020
_d38020